Годы войны. 1941-1943

Библиографические подробности
Главный автор: Гречко А. А. Андрей Антонович
Язык:русский
Опубликовано: Москва, Воениздат, 1976
Предметы:
Формат: MixedMaterials Книга
Запись в KOHA:https://koha.lib.tpu.ru/cgi-bin/koha/opac-detail.pl?biblionumber=178660

MARC

LEADER 00000nam0a2200000 4500
001 178660
005 20231031165941.0
035 |a (RuTPU)RU\TPU\book\193668 
090 |a 178660 
100 |a 20100408d1976 m y0rusy50 ca 
101 0 |a rus 
102 |a RU 
105 |a a z 001zy 
200 1 |a Годы войны. 1941-1943  |f А. А. Гречко 
210 |a Москва  |d 1976  |c Воениздат 
215 |a 574 с.  |c ил. 
320 |a Библиогр. в тексте 
610 1 |a Великая Отечественная война 1941-1945 
610 1 |a воспоминания 
610 1 |a фотографии 
610 1 |a боевые действия 
610 1 |a карты 
610 1 |a Кавказ 
675 |a 9(с)27  |v 3 
700 1 |a Гречко  |b А. А.  |g Андрей Антонович 
801 1 |a RU  |b 63413507  |c 20100408 
801 2 |a RU  |b 63413507  |c 20101102  |g RCR 
942 |c BK